000 00804nam a22002057a 4500
999 _c13580
_d13580
003 AR-CdUCM
008 190415b ||||| |||| 00| 0 spa d
040 _aMUNICIPALIDAD PROVINCIAL DEL CUSCO
_cBIBLIOTECA MUNICIPAL DEL CUSCO
082 _aC / 100 /
_bT18 / 1964
100 _aTamayo, José Armando
_932044
245 _aLa filosofía :
_bExtraña ciencia "ciencia" desconocida /
260 _aCuzco :
_bAmérica,
_c1964.
300 _a66 páginas ;
_c22 cm.
505 _aContenido : Amanera de prologo -- La filosofía, el primer problema del filosofar -- Filosofía, un concepto que se transforma y se aplica -- Partiendo del hombre hallaremos la filosofía ...
650 _aFilosofía
_9395
650 _aCiencia
_92098
650 _aHombre
_9838
942 _2ddc
_cLIBROS
945 _arah
_d1964.